[Event "Online Olym Div3 B 2021"]
[Site "chess.com INT"]
[Date "2021.08.28"]
[Round "6.1"]
[Board "4"]
[White "Nekrasova, Elena"]
[Black "Algildah, Nibal"]
[Result "1-0"]
[WhiteTitle "WFM"]
[BlackTitle "WIM"]
[WhiteElo "2028"]
[BlackElo "1852"]
[WhiteTeam "Lebanon"]
[BlackTeam "Syria"]
[WhiteFideId "14100908"]
[BlackFideId "7600950"]
[EventDate "2021.08.27"]
[EventType "team"]

1. e4 c6 2. d4 d5 3. exd5 cxd5 4. Bd3 Nf6 5. c3 e6 6. Bf4 Nbd7 7. Qe2 Be7 8. Nf3
h6 9. O-O O-O 10. Nbd2 Qb6 11. Rab1 a6 12. Ne5 Bd6 13. Bg3 Bc7 14. f4 g6 15. Kh1
Nh5 16. Bh4 Bd8 17. Bxd8 Qxd8 18. Nxg6 fxg6 19. Qxe6+ Kh8 20. Qxg6 Ndf6 21.
Qxh6+ Kg8 22. Rbe1 Rf7 23. Bg6 Rg7 24. Bxh5 Bd7 25. Re5 Bg4 26. Bxg4 Nxg4 27.
Qe6+ 1-0

[Event "Online Olym Div3 B 2021"]
[Site "chess.com INT"]
[Date "2021.08.28"]
[Round "6.1"]
[Board "5"]
[White "Kareem, Hneidi."]
[Black "Arkadan, Adib"]
[Result "0-1"]
[WhiteElo "1967"]
[BlackElo "1742"]
[WhiteTeam "Syria"]
[BlackTeam "Lebanon"]
[WhiteFideId "7608730"]
[BlackFideId "5304946"]
[EventDate "2021.08.27"]
[EventType "team"]

1. e4 c5 2. Nf3 Nc6 3. Bc4 d6 4. Qe2 e5 5. c3 Be7 6. O-O Nf6 7. d3 O-O 8. Rd1
Be6 9. Nbd2 Nh5 10. Nf1 g6 11. Ne3 Nf4 12. Qe1 Kg7 13. g3 Nh3+ 14. Kg2 Ng5 15.
Nxg5 Bxg5 16. h4 Be7 17. Bxe6 fxe6 18. Ng4 Kh8 19. Qe3 d5 20. Rh1 d4 21. Qh6 Rg8
22. Bg5 Qf8 23. Qxf8 Bxf8 24. Nf6 Rg7 25. c4 Rf7 26. Ng4 h6 27. Bxh6 Kh7 28. Bg5
Be7 29. a3 Raf8 30. Bxe7 Nxe7 31. Rhf1 Nc6 32. Rab1 a5 33. b3 Rf3 34. Rbd1 R3f7
35. f3 Ra8 36. a4 Raf8 37. Rf2 Kg7 38. Nh2 Nd8 39. Rdf1 Nc6 40. f4 Nb4 41. Rf3
exf4 42. gxf4 Rh8 43. Kg3 Rh5 44. Ng4 Rf8 45. R1f2 Rfh8 46. Rh2 Nc6 47. e5 Ne7
48. Kg2 Rxh4 49. Rxh4 Rxh4 50. Nf6 Nf5 51. Nd7 Ne3+ 52. Kg1 Rg4+ 53. Kh1 b6 54.
Nxb6 g5 55. fxg5 Rxg5 56. Nd7 Ng4 57. Nxc5 Rxe5 58. Ne4 Rh5+ 59. Kg1 Ne5 60.
Rg3+ Kf7 61. c5 Nc6 62. Kf2 Rh2+ 63. Rg2 Rh5 64. Ke2 Rh1 65. Nd6+ Kf6 66. Rf2+
Kg6 67. Rf1 Rh2+ 68. Rf2 Rh3 69. Ne4 Re3+ 70. Kd2 Kg7 71. Rg2+ Kf7 72. Rg3 Rxg3
73. Nxg3 Kf6 74. Ne4+ Ke5 75. Ke2 Kd5 76. Kd2 Ne5 77. Kc2 Nd7 0-1

[Event "Online Olym Div3 B 2021"]
[Site "chess.com INT"]
[Date "2021.08.28"]
[Round "6.2"]
[Board "1"]
[White "Salih, Akar Ali Salih"]
[Black "O'Donnell, Conor"]
[Result "0-1"]
[WhiteTitle "FM"]
[BlackTitle "FM"]
[WhiteElo "2274"]
[BlackElo "2314"]
[WhiteTeam "Iraq"]
[BlackTeam "Ireland"]
[WhiteFideId "4800575"]
[BlackFideId "2504243"]
[EventDate "2021.08.27"]
[EventType "team"]

1. e4 Nc6 2. Nf3 d6 3. d4 Nf6 4. Nc3 g6 5. Bb5 a6 6. Ba4 b5 7. Bb3 Bg7 8. O-O
O-O 9. e5 dxe5 10. dxe5 Ng4 11. e6 Bxe6 12. Bxe6 fxe6 13. Qe2 Qd6 14. Ne4 Nd4
15. Nxd6 Nxe2+ 16. Kh1 exd6 17. Bg5 Nd4 18. h3 Nxf3 19. gxf3 Ne5 20. f4 Nc4 21.
Rfe1 Bxb2 22. Rab1 e5 23. fxe5 dxe5 24. Kg2 Rf5 25. Bh4 Raf8 26. Rbd1 Bd4 27.
Re2 b4 28. Bg3 c5 29. Rd3 g5 30. Rd1 Bxf2 31. Bxf2 Rxf2+ 32. Rxf2 Ne3+ 33. Kg3
Nxd1 34. Rd2 Nc3 35. Rd7 Ne4+ 36. Kg2 Rf2+ 37. Kg1 Rxc2 38. Rd5 Rxa2 39. Rxe5
Re2 0-1

[Event "Online Olym Div3 B 2021"]
[Site "chess.com INT"]
[Date "2021.08.28"]
[Round "6.2"]
[Board "2"]
[White "Jessel, Stephen"]
[Black "Al-Ali, Hussein Ali Hussein"]
[Result "1/2-1/2"]
[WhiteTitle "FM"]
[BlackTitle "IM"]
[WhiteElo "2297"]
[BlackElo "2277"]
[WhiteTeam "Ireland"]
[BlackTeam "Iraq"]
[WhiteFideId "628859"]
[BlackFideId "4800192"]
[EventDate "2021.08.27"]
[EventType "team"]

1. Nf3 Nf6 2. c4 g6 3. b4 Bg7 4. Bb2 O-O 5. g3 a5 6. b5 b6 7. Bg2 Bb7 8. O-O c5
9. bxc6 Bxc6 10. d3 Na6 11. Nc3 Rc8 12. Rb1 d5 13. Ne5 Ba8 14. Na4 Nc5 15. Nxc5
bxc5 16. Qa4 d4 17. Bxa8 Rxa8 18. Ba3 Qc7 19. f4 Rfb8 20. Qc6 Rc8 21. Qxc7 Rxc7
22. Rb5 Rac8 23. Rfb1 Ne8 24. Rxa5 Nd6 25. Nf3 Bf8 26. Rb6 h5 27. Kf2 e6 28. Nd2
Nf5 29. Ne4 Be7 30. Bc1 Kg7 31. a4 Rd7 32. Rbb5 Rdc7 33. Bd2 Nd6 34. Nxd6 Bxd6
35. Ra6 Rc6 36. Rxc6 Rxc6 37. a5 Kf6 38. Kf3 Ke7 39. Rb7+ Rc7 40. Rb5 Kd7 41. h3
f5 42. e4 Ra7 43. Be1 Kc6 44. Rb6+ Kd7 45. exf5 gxf5 46. Rb5 Kc6 47. Rb2 Bc7 48.
Re2 Kd7 49. Ra2 Ra6 50. g4 hxg4+ 51. hxg4 fxg4+ 52. Kxg4 Bd8 53. Kf3 Bc7 54. Ke4
Kc6 55. Rg2 Ra8 56. Rg6 Kd7 57. Rg7+ Kc6 58. Rg2 Rf8 59. Rg4 Ra8 60. Rg6 Kd7 61.
Rg2 Rf8 62. Rf2 Kc6 63. Bd2 Ra8 64. Rf1 Ra7 65. Rg1 Bxa5 66. Ra1 Bb6 67. Rxa7
Bxa7 68. f5 exf5+ 69. Kxf5 Bb6 70. Ke6 Bc7 71. Bg5 Bg3 72. Bf6 Bf4 73. Be5 Bd2
74. Bf6 Bb4 75. Be7 Bc3 76. Bf8 Bd2 77. Be7 Be3 78. Bh4 Bd2 79. Bd8 Be3 80. Be7
Bf2 81. Bf6 Be3 82. Bg7 Bf2 83. Bf8 Be3 84. Be7 Bf2 85. Bd8 Be3 86. Bh4 Bf4 87.
Be7 Bg3 88. Bf8 Bf2 89. Bh6 Be3 90. Bg7 Bf2 91. Ke5 Be3 92. Ke4 Bd2 93. Bf8 Bc3
94. Bh6 Bb2 95. Bd2 Kd6 96. Bf4+ Kc6 97. Bh6 Bc3 98. Bc1 Be1 99. Bh6 Ba5 100.
Bf8 Bd2 101. Bg7 Bc3 102. Bf6 Ba5 103. Be5 Bb6 104. Bf4 Ba7 105. Bg5 Bb6 106.
Bf6 Bc7 107. Be7 Ba5 108. Ke5 Bd2 109. Bh4 Ba5 110. Bg5 Bc7+ 111. Ke4 Ba5 112.
Bf4 Bb6 113. Bb8 Ba5 114. Be5 Bb6 115. Bf6 Ba5 116. Bxd4 cxd4 117. Kxd4 Bb6+
118. Ke5 Kc5 119. Ke4 Bc7 120. Kf5 Kd4 121. Ke6 Kxd3 122. c5 Kc4 123. c6 Kb5
124. Kd7 Kb6 125. Ke6 Kxc6 1/2-1/2

[Event "Online Olym Div3 B 2021"]
[Site "chess.com INT"]
[Date "2021.08.28"]
[Round "6.2"]
[Board "3"]
[White "A-Ali, Sali Abbas Abdulzahra"]
[Black "Kanyamarala, Trisha"]
[Result "0-1"]
[WhiteTitle "WFM"]
[BlackTitle "WIM"]
[WhiteElo "1919"]
[BlackElo "2180"]
[WhiteTeam "Iraq"]
[BlackTeam "Ireland"]
[WhiteFideId "4804929"]
[BlackFideId "45004722"]
[EventDate "2021.08.27"]
[EventType "team"]

1. e4 c5 2. Nf3 d6 3. d4 cxd4 4. Nxd4 Nf6 5. Nc3 Nc6 6. Be2 e5 7. Nf3 h6 8. O-O
Be6 9. Be3 Be7 10. a3 O-O 11. h3 d5 12. exd5 Nxd5 13. Nxd5 Bxd5 14. c3 Bf6 15.
Qc2 Qc7 16. Rad1 Rad8 17. Nd2 Nd4 18. Bxd4 exd4 19. c4 Be6 20. Ne4 Be5 21. b3
Rfe8 22. Bd3 Qe7 23. f4 Bb8 24. Qf2 f5 25. Ng3 Qf6 26. Rfe1 Bc7 27. Re2 Bd7 28.
Rde1 Rxe2 29. Rxe2 Rf8 30. Rd2 g5 31. Ne2 Rd8 32. b4 Be6 33. c5 a6 34. Bc2 Kh8
35. Rxd4 Kg7 36. Rxd8 Bxd8 37. Qf3 Qf7 38. Nd4 Bf6 39. Nxe6+ Qxe6 40. Qxb7+ Kg6
41. Qf3 Qe1+ 42. Kh2 gxf4 43. Qg4+ Kf7 44. Bxf5 f3 45. Bg6+ Ke7 46. Qe4+ Be5+
47. g3 Qxg3+ 48. Kh1 Qg2# 0-1

[Event "Online Olym Div3 B 2021"]
[Site "chess.com INT"]
[Date "2021.08.28"]
[Round "6.2"]
[Board "4"]
[White "Ferguson, Dayna"]
[Black "Al-Fayyadh, Zainab Asif Abdulah"]
[Result "0-1"]
[WhiteElo "1734"]
[BlackElo "1658"]
[WhiteTeam "Ireland"]
[BlackTeam "Iraq"]
[WhiteFideId "2509342"]
[BlackFideId "4806476"]
[EventDate "2021.08.27"]
[EventType "team"]

1. d4 d5 2. Nf3 Nf6 3. Bg5 e6 4. e3 Be7 5. c4 h6 6. Bh4 b6 7. Nc3 Bb7 8. cxd5
Nxd5 9. Nxd5 Bxd5 10. Bg3 Nd7 11. Rc1 c5 12. Bb5 O-O 13. a3 Nf6 14. O-O Ne4 15.
Qe2 Nxg3 16. hxg3 Bxf3 17. Qxf3 cxd4 18. exd4 Bf6 19. Qb7 Qxd4 20. b3 Qb2 21.
Rc7 Qxb3 22. a4 a6 23. Bc4 Qxa4 24. Qxb6 Bd8 25. Bb3 Bxc7 0-1

[Event "Online Olym Div3 B 2021"]
[Site "chess.com INT"]
[Date "2021.08.28"]
[Round "6.2"]
[Board "5"]
[White "Rabeea, Sabah Nori"]
[Black "Venkatesan, Kavin"]
[Result "0-1"]
[WhiteTitle "FM"]
[WhiteElo "2009"]
[BlackElo "2011"]
[WhiteTeam "Iraq"]
[BlackTeam "Ireland"]
[WhiteFideId "4806212"]
[BlackFideId "2512602"]
[EventDate "2021.08.27"]
[EventType "team"]

1. d4 Nf6 2. Nf3 e6 3. c4 Bb4+ 4. Bd2 Qe7 5. e3 O-O 6. Bd3 Bxd2+ 7. Qxd2 d5 8.
Nc3 b6 9. O-O Bb7 10. Qc2 dxc4 11. Bxc4 Bxf3 12. gxf3 c5 13. dxc5 Qxc5 14. Be2
Nc6 15. Qa4 Rac8 16. Rac1 Qh5 17. Qf4 Rfe8 18. Kh1 e5 19. Qg3 Ne7 20. Rg1 Nf5
21. Qg5 Qxg5 22. Rxg5 g6 23. Rd1 Rcd8 24. Rgg1 Kf8 25. Bb5 Rxd1 26. Rxd1 Rc8 27.
a3 Ke7 28. Kg1 Rd8 29. Rxd8 Kxd8 30. Kf1 Ke7 31. Ke2 Nd6 32. Bd3 Ke6 33. Bc2 Ke7
34. Bb3 Nd7 35. Nd5+ Kd8 36. Ba2 f5 37. b4 a5 38. Kd3 axb4 39. axb4 b5 40. Bb3
Nb7 41. e4 Nd6 42. Ne3 fxe4+ 43. fxe4 Nf6 44. f3 Ke7 45. Bd5 h5 46. h4 Nfe8 47.
Bc6 Nc7 48. Nd1 Kf6 49. Nc3 g5 50. hxg5+ Kxg5 51. Ke3 h4 52. Kf2 Kf4 53. Ne2+
Kg5 54. Nc3 Kf4 55. Ne2+ Kg5 56. Kg2 Ne6 57. Nc3 Nd4 58. Nd5 Nxc6 59. Kh3 Nd4
60. Kg2 Nc4 61. Nc7 Nd2 62. Ne8 N2xf3 63. Nd6 Kf4 64. Kh3 Ke3 65. Kg4 Kd3 66.
Nf5 Kxe4 67. Nd6+ Kd5 68. Nf7 Kc4 69. Nxe5+ Nxe5+ 0-1

[Event "Online Olym Div3 B 2021"]
[Site "chess.com INT"]
[Date "2021.08.28"]
[Round "6.2"]
[Board "6"]
[White "Putar, Lara"]
[Black "Al-Fayyadh, Yamama Asif Abdula"]
[Result "1-0"]
[BlackTitle "WCM"]
[WhiteElo "1930"]
[BlackElo "1659"]
[WhiteTeam "Ireland"]
[BlackTeam "Iraq"]
[WhiteFideId "14546604"]
[BlackFideId "4806700"]
[EventDate "2021.08.27"]
[EventType "team"]

1. d4 d5 2. c4 e6 3. Nf3 Nf6 4. g3 Be7 5. Bg2 Nbd7 6. O-O O-O 7. Nc3 b6 8. Bf4
Bb7 9. Rc1 c6 10. Qc2 Re8 11. Rfd1 Nh5 12. Bd2 Bf8 13. Ng5 Nhf6 14. e4 h6 15.
exd5 cxd5 16. cxd5 hxg5 17. dxe6 Bxg2 18. exd7 Qxd7 19. Kxg2 g4 20. d5 Bc5 21.
Bg5 Nh7 22. Bf4 Rad8 23. Ne4 Bf8 24. d6 Qe6 25. Re1 Qd5 26. Rcd1 Qxa2 27. d7 Re7
28. Qc7 Rdxd7 29. Rxd7 Rxd7 30. Qxd7 Qxb2 31. Bd6 Qd4 32. Qe8 Qd5 33. Kg1 f5 34.
Bxf8 Nxf8 35. Ng5 a5 36. Ne6 1-0

[Event "Online Olym Div3 B 2021"]
[Site "chess.com INT"]
[Date "2021.08.28"]
[Round "6.3"]
[Board "1"]
[White "Paiva, Donaldo"]
[Black "Mansour, Sameer"]
[Result "0-1"]
[WhiteTitle "CM"]
[BlackTitle "IM"]
[WhiteElo "2201"]
[BlackElo "2308"]
[WhiteTeam "Mozambique"]
[BlackTeam "Jordan"]
[WhiteFideId "14800098"]
[BlackFideId "8100144"]
[EventDate "2021.08.27"]
[EventType "team"]

1. d4 Nf6 2. c4 g6 3. Nc3 Bg7 4. g3 O-O 5. Bg2 d6 6. Nf3 Nc6 7. O-O a6 8. Bf4
Rb8 9. Rc1 Bf5 10. b3 Ne4 11. Nd5 Bd7 12. Be3 e6 13. Nf4 e5 14. Nd5 f5 15. dxe5
dxe5 16. Nd2 Nxd2 17. Qxd2 Be6 18. Bg5 Qd7 19. Rfd1 Qf7 20. Bh6 e4 21. Bxg7 Qxg7
22. f4 Rbd8 23. e3 Ne7 24. Nxe7+ Qxe7 25. Qc3 c5 0-1

[Event "Online Olym Div3 B 2021"]
[Site "chess.com INT"]
[Date "2021.08.28"]
[Round "6.3"]
[Board "2"]
[White "Aboudi, Marwan"]
[Black "Chunguane, Ilidio Alberto"]
[Result "1-0"]
[BlackTitle "CM"]
[WhiteElo "2136"]
[BlackElo "1997"]
[WhiteTeam "Jordan"]
[BlackTeam "Mozambique"]
[WhiteFideId "8100160"]
[BlackFideId "14800276"]
[EventDate "2021.08.27"]
[EventType "team"]

1. d4 d5 2. Nf3 c6 3. c4 Nf6 4. Nc3 e6 5. cxd5 exd5 6. Bg5 Be7 7. e3 Bg4 8. Bd3
Nbd7 9. Qc2 Bh5 10. O-O Bg6 11. Rab1 O-O 12. b4 a6 13. Bxg6 hxg6 14. a4 Nb6 15.
Nd2 Nc8 16. b5 axb5 17. axb5 Nd6 18. bxc6 bxc6 19. Bxf6 Bxf6 20. Na4 Qc7 21.
Rfc1 Ra6 22. Nc5 Ra7 23. Nd3 Rc8 24. h3 Rb7 25. Qa4 Rxb1 26. Rxb1 Nb7 27. Qa6
Nd8 28. Nf3 Rb8 29. Rc1 Qb6 30. Ra1 Kf8 31. Qxb6 Rxb6 32. Nfe5 Bxe5 33. Nxe5 Rb7
34. Ra8 Ke7 35. Rc8 Rb6 36. Rc7+ Ke6 37. Rd7 f6 38. Rxd8 fxe5 39. Re8+ Kf6 40.
Rxe5 Rb1+ 41. Kh2 Rb2 42. Kg3 g5 43. Re8 Rc2 44. Rc8 Kg6 45. Rc7 Kf6 46. Kf3 Kg6
47. Rc8 Kf6 48. Rf8+ Kg6 49. Kg4 Kh6 50. Rf5 g6 51. Rf7 c5 52. dxc5 Rxc5 53. Rd7
Rc4+ 54. Kg3 Rc5 55. Rd8 Kg7 56. Kg4 Rc2 57. Kf3 Rc5 58. Rd7+ Kf6 59. Rd8 Ra5
60. Rb8 Rc5 61. Rb2 Ke5 62. Kg4 d4 63. exd4+ Kxd4 64. Rb6 Kd3 65. Rxg6 Ke2 66.
Rxg5 Rc4+ 67. f4 Kf2 68. g3 Rc3 69. Kh5 Kg2 70. h4 Rc6 71. f5 Kh3 72. Rg6 Rc5
73. g4 Rc4 74. f6 Rf4 75. Kh6 Kxh4 76. g5 Rf5 77. Kg7 Kh5 78. f7 Rf4 79. Rh6+
Kxg5 80. Rh8 1-0

[Event "Online Olym Div3 B 2021"]
[Site "chess.com INT"]
[Date "2021.08.28"]
[Round "6.3"]
[Board "3"]
[White "Vilhete, Vania Fausto Da T."]
[Black "Boshra, Alshaeby"]
[Result "0-1"]
[WhiteTitle "WIM"]
[BlackTitle "WFM"]
[WhiteElo "1753"]
[BlackElo "2033"]
[WhiteTeam "Mozambique"]
[BlackTeam "Jordan"]
[WhiteFideId "14800144"]
[BlackFideId "8102937"]
[EventDate "2021.08.27"]
[EventType "team"]

1. d4 Nf6 2. c4 g6 3. Nf3 Bg7 4. Nc3 O-O 5. e4 d6 6. Be2 Na6 7. O-O e5 8. d5 Nc5
9. Bg5 h6 10. Bxf6 Qxf6 11. b4 Nd7 12. Rc1 Qd8 13. a4 f5 14. exf5 gxf5 15. Qc2
e4 16. Nd2 Kh8 17. Nb3 Qh4 18. Nb5 Be5 19. g3 Qd8 20. N5d4 Nf6 21. Rfd1 f4 22.
Ne6 Bxe6 23. dxe6 Qe7 24. Nd4 c5 25. bxc5 dxc5 26. Nf5 Qxe6 27. Nh4 Rg8 28. Bf1
Qg4 29. Qe2 Qxh4 30. Kh1 fxg3 31. fxg3 Rxg3 32. Qf2 Rag8 33. Rc2 Qh5 34. Be2 Qh4
35. Rf1 e3 0-1

[Event "Online Olym Div3 B 2021"]
[Site "chess.com INT"]
[Date "2021.08.28"]
[Round "6.3"]
[Board "4"]
[White "Alattar, Ghayda M."]
[Black "Sitoe, Cheila Andre"]
[Result "0-1"]
[WhiteTitle "WFM"]
[BlackTitle "WCM"]
[WhiteElo "1868"]
[BlackElo "1588"]
[WhiteTeam "Jordan"]
[BlackTeam "Mozambique"]
[WhiteFideId "8101531"]
[BlackFideId "14800780"]
[EventDate "2021.08.27"]
[EventType "team"]

1. d4 d5 2. Nc3 e6 3. e4 Nf6 4. Bg5 Be7 5. e5 Nfd7 6. h4 Bxg5 7. hxg5 Qxg5 8.
Qd3 h6 9. Nh3 Qd8 10. O-O-O Nc6 11. f4 Nb6 12. Qg3 g5 13. Bb5 Bd7 14. fxg5 hxg5
15. Nxg5 Rg8 16. Rh4 Qxg5+ 17. Qxg5 Rxg5 18. Rh8+ Ke7 19. Rh2 Rag8 20. Bf1 Rg4
21. Ne2 Nc4 22. Rd3 Nb6 23. c3 Na5 24. Rf3 R8g7 25. Nf4 Be8 26. Rhh3 Nd7 27. Be2
Nc4 28. b3 Ncb6 29. Kd2 c6 30. Rf2 R4g5 31. Bf3 c5 32. Rf1 cxd4 33. cxd4 Kd8 34.
Rc1 Nc8 35. Rh8 Ne7 36. g4 Ng6 37. Nxg6 R5xg6 38. Ke3 Rg8 39. Rh2 f6 40. exf6
Nxf6 41. Rhc2 Nxg4+ 42. Kd3 Bb5+ 43. Kd2 Bc6 44. Re1 Kd7 45. Kd3 Bb5+ 46. Kd2
Nf6 47. Rec1 Bc6 48. Ke3 Rg3 49. Rf2 Ng4+ 50. Ke2 Nxf2 51. Kxf2 a6 52. Rh1 R8g7
53. Rh8 Kc7 54. a4 Kb6 55. Rh6 R3g6 56. Rh3 Rf6 57. Ke2 Rgf7 58. Bg4 Ka5 59. Re3
Kb4 60. Bh5 Rh7 61. Bf3 Rh2+ 62. Ke1 Rb2 63. Bd1 Rh6 64. Be2 Rxb3 65. Re5 Bxa4
66. Kf2 Rb2 67. Kf3 Bb5 68. Bd1 Rd2 69. Re1 Rxd4 70. Bc2 e5 71. Rxe5 Rh3+ 72.
Kg2 Rc3 73. Bf5 Rd2+ 0-1

[Event "Online Olym Div3 B 2021"]
[Site "chess.com INT"]
[Date "2021.08.28"]
[Round "6.3"]
[Board "5"]
[White "Vasco, Mateus Felizardo Viageiro"]
[Black "Mohammad Harahsheh"]
[Result "1-0"]
[WhiteElo "1862"]
[BlackElo "1616"]
[WhiteTeam "Mozambique"]
[BlackTeam "Jordan"]
[WhiteFideId "14800403"]
[BlackFideId "8112444"]
[EventDate "2021.08.27"]
[EventType "team"]

1. e4 c6 2. d4 d5 3. Nc3 dxe4 4. Nxe4 Nf6 5. Ng5 h6 6. N5f3 Bf5 7. Bd3 e6 8. c3
Qa5 9. Ne2 Nbd7 10. O-O Bd6 11. b4 Qc7 12. Bxf5 exf5 13. Ng3 Bxg3 14. fxg3 Ne4
15. Qc2 Ndf6 16. Ne5 g6 17. Bf4 Qe7 18. Rae1 Qe6 19. g4 Rg8 20. gxf5 gxf5 21.
Nd3 O-O-O 22. Nc5 Qd5 23. Be5 Rg5 24. c4 Rxg2+ 25. Qxg2 Qxc4 26. Kh1 Rg8 27. Qf3
Nxc5 28. bxc5 1-0

[Event "Online Olym Div3 B 2021"]
[Site "chess.com INT"]
[Date "2021.08.28"]
[Round "6.4"]
[Board "2"]
[White "Tsige, Addisalem Temesgen"]
[Black "Njoroge, Martin"]
[Result "1-0"]
[WhiteElo "2050"]
[BlackElo "1958"]
[WhiteTeam "Ethiopia"]
[BlackTeam "Kenya"]
[WhiteFideId "15700160"]
[BlackFideId "10801952"]
[EventDate "2021.08.27"]
[EventType "team"]

1. d4 Nf6 2. Bf4 g6 3. Nc3 d6 4. e4 Bg7 5. Qd2 Nc6 6. Nf3 Bg4 7. O-O-O a5 8. h3
Bxf3 9. gxf3 Nh5 10. Be3 e5 11. d5 Nd4 12. Bb5+ Nxb5 13. Nxb5 a4 14. Kb1 a3 15.
b3 Nf4 16. h4 h5 17. Rde1 O-O 18. Nc3 Qd7 19. Reg1 c6 20. Rd1 c5 21. Ne2 Qe7 22.
Rdg1 b5 23. Rg5 Rfe8 24. Rg3 Kh7 25. Nc3 b4 26. Ne2 Rab8 27. Ng1 Rec8 28. Nh3 c4
29. Ng5+ Kg8 30. Rgg1 cxb3 31. cxb3 Rc3 32. Rc1 Rbc8 33. Qd1 R8c7 34. Bd2 Rd3
35. Rxc7 Qxc7 36. Qc2 Qxc2+ 37. Kxc2 Rd4 38. Be3 Ne2 39. Bxd4 Nxd4+ 40. Kd3 Bf6
41. Rh3 Bd8 42. f4 Bb6 43. fxe5 dxe5 44. Kc4 f6 45. Ne6 Nxe6 46. dxe6 Bxf2 47.
Kxb4 Kf8 48. Kxa3 Ke7 49. b4 Kxe6 50. Kb3 f5 51. Rh2 Be1 52. exf5+ gxf5 53. a4
e4 54. a5 Bg3 55. a6 Bb8 56. b5 Ba7 57. Rg2 f4 58. Rg6+ Kf5 59. b6 e3 60. bxa7
e2 61. Re6 Kxe6 62. a8=Q Kf5 63. Qd5+ Kf6 64. Qe4 f3 65. Qxf3+ Ke7 66. Qxe2+ Kd6
67. a7 Kc7 68. a8=Q Kb6 69. Qb8+ Kc6 70. Qe6+ Kc5 71. Qbe5# 1-0

[Event "Online Olym Div3 B 2021"]
[Site "chess.com INT"]
[Date "2021.08.28"]
[Round "6.4"]
[Board "3"]
[White "Mongeli, Sasha"]
[Black "Haile, Lidet, Abate"]
[Result "1-0"]
[WhiteTitle "WFM"]
[WhiteElo "1574"]
[BlackElo "1606"]
[WhiteTeam "Kenya"]
[BlackTeam "Ethiopia"]
[WhiteFideId "10809090"]
[BlackFideId "15702073"]
[EventDate "2021.08.27"]
[EventType "team"]

1. e4 e5 2. Nf3 Nc6 3. Bb5 d6 4. c3 Nf6 5. d3 Be7 6. Nbd2 O-O 7. O-O h6 8. Re1
Bd7 9. Nf1 a6 10. Ba4 b5 11. Bc2 Qc8 12. Ne3 Nd8 13. d4 exd4 14. cxd4 c5 15. d5
Ng4 16. h3 Nf6 17. Nh2 Nb7 18. Qf3 c4 19. Nhg4 Nxg4 20. Nxg4 Bxg4 21. Qxg4 Qxg4
22. hxg4 Bf6 23. f4 Rfe8 24. Rb1 Nc5 25. Kf2 Rac8 26. Kf3 c3 27. bxc3 Bxc3 28.
Re2 Bf6 29. Bb2 Bxb2 30. Rxb2 Nd7 31. a4 Rc5 32. axb5 axb5 33. Bd3 Rb8 34. Rb4
Rc3 35. Re3 Rc5 36. Be2 f6 37. Reb3 Rbc8 38. Bxb5 Rc3+ 39. Rxc3 Rxc3+ 40. Kf2
Nc5 41. Be2 Kf8 42. Rb8+ Ke7 43. Rb4 Rc2 44. Ke3 Rc3+ 45. Kd2 Ra3 46. Bc4 Nxe4+
47. Ke1 Ra1+ 48. Ke2 Nc5 49. Rb2 Ra4 50. Rc2 Ra3 51. Kf1 Rg3 52. Re2+ Kf7 53. g5
hxg5 54. fxg5 Rxg5 55. Kf2 1-0

[Event "Online Olym Div3 B 2021"]
[Site "chess.com INT"]
[Date "2021.08.28"]
[Round "6.4"]
[Board "4"]
[White "Abera, Mekdes Demssie"]
[Black "Wanjiru, Lucy"]
[Result "0-1"]
[BlackTitle "WCM"]
[WhiteElo "1198"]
[BlackElo "1619"]
[WhiteTeam "Ethiopia"]
[BlackTeam "Kenya"]
[WhiteFideId "15701964"]
[BlackFideId "10808590"]
[EventDate "2021.08.27"]
[EventType "team"]

1. d4 d5 2. e3 Nf6 3. c4 e6 4. Nc3 Be7 5. Nf3 Nbd7 6. Be2 a6 7. O-O dxc4 8. Bxc4
b5 9. Bb3 Bb7 10. a3 O-O 11. h3 c5 12. Ba2 Qc7 13. Bd2 Rad8 14. Qe2 Ne4 15. Rac1
c4 16. Nxe4 Bxe4 17. Nh2 Bd3 18. Qxd3 Bd6 19. f4 cxd3 20. Rxc7 Bxc7 21. Bb1 Nf6
22. Bxd3 Bb6 23. Rf3 g6 24. Bc3 Nd5 25. Bd2 f5 26. g4 Kf7 27. g5 h6 28. h4 hxg5
29. hxg5 Rh8 30. Bb1 Rh4 31. Be1 Rh7 32. Bg3 Rc8 33. Rf1 Nxe3 34. Re1 Rh3 35.
Rxe3 Bxd4 36. Kg2 Rxh2+ 37. Bxh2 Bxe3 38. Kf3 Bd4 39. Bd3 Bxb2 40. a4 Rc3 41.
Ke3 bxa4 42. Bg3 a3 43. Be1 Rxd3+ 44. Kxd3 a2 45. Kc2 a1=Q 46. Bc3 Qc1+ 47. Kb3
Qxc3+ 48. Ka4 Qc6+ 49. Kb3 Qc3+ 50. Ka4 Qa3# 0-1

[Event "Online Olym Div3 B 2021"]
[Site "chess.com INT"]
[Date "2021.08.28"]
[Round "6.4"]
[Board "5"]
[White "Muchiri, Rocky"]
[Black "Kebede, Yoseph Kifle"]
[Result "1-0"]
[WhiteElo "1611"]
[BlackElo "1814"]
[WhiteTeam "Kenya"]
[BlackTeam "Ethiopia"]
[WhiteFideId "10810803"]
[BlackFideId "15708063"]
[EventDate "2021.08.27"]
[EventType "team"]

1. e4 c6 2. Nf3 d5 3. e5 c5 4. d4 cxd4 5. Qxd4 a6 6. Nc3 e6 7. Bg5 Ne7 8. Bd3
Nbc6 9. Qf4 Qc7 10. Bh4 Ng6 11. Bxg6 hxg6 12. a3 b5 13. O-O Bb7 14. Rad1 Ne7 15.
Ng5 Nf5 16. Bg3 Bc5 17. Rfe1 O-O-O 18. a4 b4 19. Ne2 d4 20. Nf3 Qc6 21. b3 Rh5
22. Rd3 Rdh8 23. h3 g5 24. Qg4 g6 25. Bh2 Nh6 26. Qg3 Nf5 27. Qg4 Nh6 28. Qg3
Nf5 29. Nexd4 Bxd4 30. Nxd4 Qd5 31. Nxf5 gxf5 32. Rxd5 Bxd5 33. Qd3 g4 34. Qxa6+
Bb7 35. Qc4+ Kb8 36. Qxb4 gxh3 37. Qd6+ Ka8 38. g3 f4 39. Qb6 fxg3 40. Qa5+ Kb8
41. fxg3 Rc8 42. c4 Rhh8 43. Rd1 Rc7 44. Rd4 Rg8 45. c5 Rg5 46. Rd8+ Rc8 47. Qb6
Rf5 48. c6 1-0

[Event "Online Olym Div3 B 2021"]
[Site "chess.com INT"]
[Date "2021.08.28"]
[Round "6.5"]
[Board "1"]
[White "Ben Brahem, Aymen"]
[Black "Ortega Amarelle, Mariano"]
[Result "0-1"]
[BlackTitle "IM"]
[WhiteElo "2152"]
[BlackElo "2463"]
[WhiteTeam "Tunisia"]
[BlackTeam "Cape Verde"]
[WhiteFideId "5504899"]
[BlackFideId "3504301"]
[EventDate "2021.08.27"]
[EventType "team"]

1. d4 Nf6 2. Bf4 d5 3. e3 e6 4. Nd2 Bd6 5. Bg3 O-O 6. Bd3 c5 7. c3 Nc6 8. Ngf3
b6 9. e4 Be7 10. e5 Nh5 11. Ng5 Bxg5 12. Qxh5 g6 13. Qe2 cxd4 14. h4 Bh6 15. h5
dxc3 16. bxc3 g5 17. O-O f5 18. exf6 Qxf6 19. Bb5 Bd7 20. Nf3 a6 21. Bxa6 Qxc3
22. Bb7 Rae8 23. Rac1 Nd4 24. Nxd4 Qxd4 25. Be5 Qa4 26. Rc7 Rf7 27. Rfc1 g4 28.
Rd1 Bb5 29. Qe1 Qxa2 30. Rd4 Qe2 31. Qxe2 Bxe2 32. Rb4 Rxc7 33. Bxc7 Re7 0-1